Terminemos el cuento

Guardado en:
Formato: Libro
Publicado: Madrid : Alfaguara, 2000
Materias:
Etiquetas: Agregar Etiqueta
Sin Etiquetas, Sea el primero en etiquetar este registro!
LEADER 00537nam a22001935a 4500
001 CEM.cems010780
005 20080331094742.0
008 130507s2000##################000#0#####d
003 CEMS
020 |a 8420449652 
082 0 4 |a H868.4 
245 0 0 |a Terminemos el cuento 
260 |a Madrid :  |b Alfaguara,  |c 2000 
300 |a 159 p. 
500 |a Ii Premio Internacional de Literatura 
653 |a Cuentos 
653 |a Cuentos hispanoamericanos-siglo 20 
653 |a Literatura 
859 |a CEMS  |b BIB. CEMS - 11 de abril  |h H868.4  |i Al28  |p 21444.01  |t Ej.1